| 000 | 00409nam a22001337a 4500 | ||
|---|---|---|---|
| 082 |
_a297.1227 _bALH _cL-31,P-2 and L-31,P-17 |
||
| 100 |
_aHaji Muhammad Saeed _951050 |
||
| 245 | _aالھدایہ مع المقدمتہ | ||
| 260 |
_aKarachi, _bCMH Company, _c1960. |
||
| 300 | _adifferent pages, | ||
| 526 |
_a0 _b0 _c0 _d297_122700000000000_ALH |
||
| 526 |
_a0 _b0 _c0 _d297_122700000000000_ALH |
||
| 942 |
_2ddc _cBK |
||
| 999 |
_c553793 _d553793 |
||